Rodbinske veze - Statistics

General Stats
  • This quiz has been taken 2 424 times
  • The average score is 26 of 42
Answer Stats
Hint Answer % Correct
Ženski roditelj majka
75%
Muški roditelj otac
75%
Majka vašeg oca ili majke baba
73%
Otac vašeg oca ili majke deda
73%
Ženski roditelj vaše prababe ili pradede čukunbaba
72%
Muško dete roditelja sin
72%
Majčina ili očeva sestra tetka
72%
Brat vaše majke ujak
72%
Sin vašeg sina ili kćerke unuk
72%
Muški roditelj vaše prababe ili pradede čukundeda
70%
Žensko dete roditelja kćerka
70%
Ženski roditelj koji nije u krvnom srodstvu sa detetom maćeha
70%
Muški roditelj koji nije u krvnom srodstvu sa detetom očuh
70%
Majka vašeg muža svekrva
70%
Brat vašeg oca stric
69%
Suprug vaše kćeri ili sestre zet
69%
Kćerka vašeg sina ili kćerke unuka
68%
Otac vašeg muža svekar
67%
Supruga vašeg sina, unuka ili brata snaja
66%
Sin vaše sestre sestrić
65%
Kćerka vaše sestre sestričina
65%
Majka vaše supruge tašta
65%
Otac vaše supruge tast
63%
Brat vašeg muža dever
61%
Ženski roditelj vaše babe ili dede prababa
59%
Muški roditelj vaše babe ili dede pradeda
59%
Supruga brata vaše majke ujna
59%
Supruga brata vašeg oca strina
58%
Sin vašeg brata nećak
56%
Sestra vaše supruge svastika
56%
Kćerka vašeg brata nećaka
55%
Suprug majčine ili očeve sestre tetak
55%
Sestra vašeg muža zaova
55%
Majka supruge vašeg sina prija
54%
Otac supruge vašeg sina prijatelj
53%
Brat vaše supruge šurak
53%
Supruga brata vašeg muža jetrva
48%
Dete supružnika sa kojom niste u krvnom srodstvu pastorak
48%
Muž sestre vaše supruge pašenog (šogor)
44%
Muško dete istih roditelja brat
33%
Žensko dete istih roditelja sestra
32%
Muž vaše zaove svojak
27%
No matching quizzes found
Score Distribution
Percent of People with Each Score
Percentile by Number Answered
Your Score History
You have not taken this quiz